Modelling of voltage collapse including dynamic phenomena

Gardado en:
Detalles Bibliográficos
Autor Principal: Taylor, Carson W (Author)
Formato: Libro
Idioma:inglés
Publicado: París Cigré 1990
Subjects:
Tags: Engadir etiqueta
Sen Etiquetas, Sexa o primeiro en etiquetar este rexistro!

MARC

LEADER 00000nam a2200000 a 4500
001 UCQ4985
003 CL-VaPUC
008 980921e19900000FR |||||||||||||||||eng|d
082 0 4 |a 621  |b TAY  |2 21 
100 0 |a Taylor, Carson W  |e author  |9 419111 
245 1 0 |a Modelling of voltage collapse including dynamic phenomena 
300 |a 150 p 
942 |c BK 
945 |d 19980921 00:00:00  |a mvenant 
260 |a París  |b Cigré  |c 1990 
650 7 |a SISTEMAS ELECTRICOS  |2 CL-VaPUC  |9 355342 
650 0 |a Electricidad  |9 260222 
650 0 |a Voltaje   |9 362861 
650 0 |a Estática  |9 260452 
583 |a last modification  |c 19980921 00:00:00  |k Rodrigo Vera 
999 |c 275255  |d 275253 
952 |0 0  |1 0  |4 0  |6 621_000000000000000_TAY_1990  |7 0  |8 A  |9 311886  |a BIBING  |b BIBING  |d 2019-11-20  |i 341079K  |o 621 TAY 1990  |p 341079K  |r 2025-01-20  |w 2019-11-20  |y BK  |k EIE